LIBRARY & INFORMATION CENTRE, KCAET, TAVANUR

ONLINE PUBLIC ACCESS CATALOGUE (OPAC)

Handbook of Organic Farming and Biofertilizers (Record no. 14332)

MARC details
000 -LEADER
fixed length control field 00295nam a22001217a 4500
020 ## - INTERNATIONAL STANDARD BOOK NUMBER
ISBN 8187118032
082 ## - DEWEY DECIMAL CLASSIFICATION NUMBER
Classification number 631.584
Item number GAU/HA
100 ## - MAIN ENTRY--AUTHOR NAME
Personal name Gaur,A.C
245 ## - TITLE STATEMENT
Title Handbook of Organic Farming and Biofertilizers
260 ## - PUBLICATION, DISTRIBUTION, ETC. (IMPRINT)
Place of publication Jaipur
Name of publisher Ambica Book Agency
Year of publication 2011
300 ## - PHYSICAL DESCRIPTION
Number of Pages 667
942 ## - ADDED ENTRY ELEMENTS (KOHA)
Koha item type Books
Holdings
Withdrawn status Lost status Damaged status Collection code Home library Current library Shelving location Date acquired Source of acquisition Cost, normal purchase price Full call number Accession Number Koha item type
        KAUAET KAUAET General Stacks 16/06/2016 Ganesh Book Center Trivanrum 1500.00 631.584 GAU/HA 24589 Books
free website counter